| 000 | 00760nam a22001697a 4500 | ||
|---|---|---|---|
| 003 | NUST | ||
| 082 | _a621.382,NAZ | ||
| 100 |
_aNazir, Zeeshan _9132782 |
||
| 245 |
_aWelcoming and path navigator robot / _cZeeshan Nazir, Muhammad Sadiq, Sardar Ahsan Ilyas and Moeen ud din (TE-50) |
||
| 260 |
_aRawalpindi _bMCs (NUST) _cJune, 2017 |
||
| 300 | _a100 p.; | ||
| 505 | _aIntroduction & Literature Survey (Page-9), Electronic Hardware Design (Page-14), Software Details (Page-37), Integration of software and hardware (Page-50), Testing and Results of Project (Page-53), Conclusion and Future Recommendation (Page-54). | ||
| 650 |
_aUG Project _9131132 |
||
| 651 |
_aTE-50 _9132778 |
||
| 700 |
_aSupervised by Dr. Adil Masood Siddiqui _9132783 |
||
| 942 |
_2ddc _cPR |
||
| 999 |
_c615829 _d615829 |
||